=LDR 00000nam 2200000 4500 =001 INLIS000000000004888 =005 20130612093145 =008 ***********************************Ind** =035 ##$$0010-061300000004888 =041 ##$$a Ind =082 ##$$a 811 =090 ##$$a 811, Had s =100 ##$$a HADININGRAT, Surakarta =245 ##$$a Seral Wulangreh / oleh Surakarta Hadiningrat. -- =260 ##$$a 1994 $b Semarang : Dahara Prize =300 ##$$a 207 hlm. ; 15 cm =650 ##$$a Kesusastraan Indonesia =850 ##$$a NBPNMAT